[Event "Najdorf Mem Open A 2016"]
[Site "Warsaw POL"]
[Date "2016.07.16"]
[Round "9.30"]
[White "Puranik, Abhimanyu"]
[Black "Eggink, Ryszard"]
[Result "1-0"]
[WhiteTitle "IM"]
[WhiteElo "2475"]
[BlackElo "2345"]
[WhiteFideId "5061245"]
[BlackFideId "1125869"]
[EventDate "2016.07.08"]

1. e4 c5 2. Nf3 d6 3. d4 cxd4 4. Nxd4 Nf6 5. Nc3 a6 6. h3 e6 7. g4 Be7 8. g5
Nfd7 9. h4 Nc6 10. Be3 Qc7 11. Qd2 b5 12. a3 Bb7 13. Rg1 Nde5 14. Be2 Na5 15.
Nb3 Nac4 16. Qc1 Nxa3 17. Rxa3 b4 18. Nb5 axb5 19. Bxb5+ Nd7 20. Rxa8+ Bxa8 21.
Bd3 O-O 22. f4 d5 23. e5 Nc5 24. Nxc5 Bxc5 25. h5 Qb6 26. Ke2 Bc6 27. Bxc5 Qxc5
28. Qe3 d4 29. Qg3 Bb5 30. Bxb5 Qxb5+ 31. Qd3 Qc6 32. Kf2 Rc8 33. Rc1 b3 34. c4
dxc3 35. Rxc3 Qb6+ 36. Ke2 Rxc3 37. Qxc3 Qb7 38. Qf3 Qb5+ 39. Qd3 Qb8 40. Qd7
Qa8 41. Ke3 Kf8 42. Kd4 h6 43. Kc3 hxg5 44. fxg5 g6 45. h6 Kg8 46. Qb5 Qd8 47.
Kxb3 Qxg5 48. Qe8+ Kh7 49. Qxf7+ Kxh6 50. Qxe6 Qe3+ 51. Ka4 Qa7+ 52. Kb5 Qb7+
53. Qb6 Qd5+ 54. Qc5 Qb7+ 55. Kc4 Qxb2 56. Kd5 g5 57. Qf8+ Kg6 58. Qd6+ Kh5 59.
e6 Qb5+ 60. Qc5 Qd3+ 61. Ke5 Kg6 62. Qa7 Qg3+ 63. Kd5 Qd3+ 64. Kc6 Qc4+ 65. Kd6
Qd3+ 66. Ke5 Qg3+ 67. Ke4 Qg2+ 68. Ke5 Qg3+ 69. Kd5 Qd3+ 70. Ke5 1-0

[Event "Najdorf Mem Open A 2016"]
[Site "Warsaw POL"]
[Date "2016.07.16"]
[Round "9.31"]
[White "Romanishin, Oleg M"]
[Black "Bednarek, Sylwester"]
[Result "1-0"]
[WhiteTitle "GM"]
[BlackTitle "FM"]
[WhiteElo "2433"]
[BlackElo "2340"]
[WhiteFideId "14100088"]
[BlackFideId "1101811"]
[EventDate "2016.07.08"]

1. Nf3 f5 2. d4 Nf6 3. g3 g6 4. Bg2 Bg7 5. O-O O-O 6. b3 Kh8 7. c4 c6 8. Nc3 d5
9. cxd5 cxd5 10. Bf4 Nc6 11. Ne5 Ne4 12. Nxc6 bxc6 13. Na4 g5 14. Be5 f4 15. Rc1
Bxe5 16. dxe5 fxg3 17. hxg3 Qe8 18. Qd4 Bf5 19. Nc5 Nxc5 20. Rxc5 Rc8 21. Rfc1
Kg8 22. Rxc6 Rxc6 23. Rxc6 e6 24. Rc7 Qh5 25. Bf3 g4 26. Bg2 a5 27. Qc5 Bg6 28.
Rc8 Qf5 29. e4 1-0

[Event "Najdorf Mem Open A 2016"]
[Site "Warsaw POL"]
[Date "2016.07.16"]
[Round "9.32"]
[White "Skliarov, Viktor"]
[Black "Lewicki, Miroslaw"]
[Result "1-0"]
[WhiteTitle "FM"]
[BlackTitle "CM"]
[WhiteElo "2429"]
[BlackElo "2329"]
[WhiteFideId "14106736"]
[BlackFideId "1113380"]
[EventDate "2016.07.08"]

1. e4 c5 2. Nf3 d6 3. d4 cxd4 4. Qxd4 Nc6 5. Bb5 Bd7 6. Bxc6 bxc6 7. e5 d5 8.
Be3 e6 9. Qc3 c5 10. Bxc5 Rc8 11. b4 Bxc5 12. bxc5 Qc7 13. Nbd2 Qxc5 14. Qxc5
Rxc5 15. Nd4 f6 16. f4 fxe5 17. fxe5 Ne7 18. Rb1 Rf8 19. Rb8+ Nc8 20. N2f3 Ra5
21. Ke2 Rxa2 22. Rhb1 Ra6 23. R1b7 Kd8 24. Ng5 Rf4 25. Ke3 Rg4 26. Nf7+ Ke8 27.
Nd6+ Kd8 28. Rxd7+ 1-0

[Event "Najdorf Mem Open A 2016"]
[Site "Warsaw POL"]
[Date "2016.07.16"]
[Round "9.33"]
[White "Johansson, Linus"]
[Black "Polok, Kacper"]
[Result "1/2-1/2"]
[WhiteTitle "IM"]
[BlackTitle "FM"]
[WhiteElo "2425"]
[BlackElo "2292"]
[WhiteFideId "1711113"]
[BlackFideId "1137158"]
[EventDate "2016.07.08"]

1. Nf3 Nf6 2. g3 g6 3. Bg2 Bg7 4. O-O O-O 5. d4 d6 6. c4 Nc6 7. Nc3 e5 8. d5 Ne7
9. Ne1 Nd7 10. Nd3 f5 11. e4 b6 12. f4 exf4 13. Bxf4 Nc5 14. Qd2 fxe4 15. Nxe4
Bf5 16. Ndxc5 bxc5 17. Rae1 Bxe4 18. Bxe4 Nf5 19. Bxf5 Rxf5 20. b3 Qf8 21. Kg2
Re8 22. Rxe8 Qxe8 23. Re1 Qf7 24. Re6 h6 25. Qe2 g5 26. Re8+ Kh7 27. Qe4 Qg6 28.
Re6 Rf6 29. Qxg6+ Kxg6 30. Rxf6+ Bxf6 31. Bd2 Kf5 32. Kf3 1/2-1/2

[Event "Najdorf Mem Open A 2016"]
[Site "Warsaw POL"]
[Date "2016.07.16"]
[Round "9.34"]
[White "Yilmazyerli, Mert"]
[Black "Reza, Wojciech"]
[Result "1/2-1/2"]
[WhiteTitle "IM"]
[WhiteElo "2424"]
[BlackElo "2266"]
[WhiteFideId "6305962"]
[BlackFideId "1151967"]
[EventDate "2016.07.08"]

1. d4 Nf6 2. Nc3 d5 3. Bg5 c6 4. Qd2 Bf5 5. f3 Nbd7 6. O-O-O Bg6 7. e4 dxe4 8.
d5 Nxd5 9. Nxd5 cxd5 10. Nh3 Qc7 11. Nf4 e3 12. Qe2 e6 13. Nxd5 Qc6 14. Nf4 Bc5
15. Nxg6 hxg6 16. Bxe3 Rc8 17. Bxc5 Qxc5 18. c3 Nf6 19. Qb5+ 1/2-1/2

[Event "Najdorf Mem Open A 2016"]
[Site "Warsaw POL"]
[Date "2016.07.16"]
[Round "9.35"]
[White "Szczepkowska-Horowska, Karina"]
[Black "Hacker, Jonas"]
[Result "0-1"]
[WhiteTitle "WGM"]
[BlackTitle "FM"]
[WhiteElo "2411"]
[BlackElo "2275"]
[WhiteFideId "1122681"]
[BlackFideId "1270968"]
[EventDate "2016.07.08"]

1. d4 d5 2. c4 c6 3. Nf3 Nf6 4. Nc3 a6 5. e3 b5 6. cxb5 cxb5 7. Bd3 Bb7 8. O-O
Nbd7 9. Ne5 e6 10. f4 Bd6 11. a3 Ne4 12. Bd2 Nxd2 13. Qxd2 f5 14. a4 b4 15. Na2
Nxe5 16. fxe5 Be7 17. Nc1 O-O 18. a5 Rc8 19. Qe2 Rc6 20. Nb3 Qd7 21. Rf3 g6 22.
g3 Rf7 23. Raf1 Bf8 24. R3f2 Rg7 25. g4 Be7 26. Rg2 Bf8 27. h4 Qd8 28. gxf5 gxf5
29. Rxg7+ Kxg7 30. Rf4 Kh8 31. Kh2 Bh6 32. Rf3 Bf8 33. Kh3 Qe8 34. Rg3 Qf7 35.
Qf1 Rc7 36. Qf3 Rc8 37. Rg1 Rc7 38. Qg3 Rc8 39. Be2 Rc7 40. Bh5 Qg7 41. Qxg7+
Bxg7 42. Nc5 Bc8 43. Nd3 Bh6 44. Rg3 Bf8 45. Kg2 Rc2+ 46. Kf3 Rc7 47. Ke2 Rc2+
48. Kd1 Rc7 49. Kd2 Bb7 50. Rg1 Bc8 51. Rc1 Rxc1 52. Kxc1 Be7 53. Kd2 Bxh4 54.
Nxb4 Bd8 55. Nc6 Bc7 56. b4 Bd7 57. Ne7 Bd8 58. Nxd5 exd5 59. Bf7 Bc6 60. Be6
Be7 61. Kc3 Bg5 62. Bxf5 Bxe3 63. Bd3 Bb7 64. b5 axb5 65. Bxb5 Kg7 66. a6 Bc8
67. Bc6 Bxa6 68. Bxd5 h5 69. Bf3 h4 70. d5 Kf7 71. Bg2 Bc5 72. Bh3 Ke7 73. Kd2
Bc4 74. d6+ Kd8 75. Ke1 Ba6 76. Bg4 Bb5 77. Bh3 Bd4 78. e6 Bc5 79. e7+ Ke8 80.
Bg4 Bxd6 81. Kf2 Kxe7 82. Bf3 Kf6 83. Kg2 Kg5 84. Bd5 Kf4 85. Kh3 Bd7+ 86. Kg2
h3+ 87. Kh2 Ke3+ 88. Kg1 Bc5 89. Bb7 Ke2+ 90. Kh2 Kf2 91. Kh1 Kg3 92. Be4 Bb5 0-1

[Event "Najdorf Mem Open A 2016"]
[Site "Warsaw POL"]
[Date "2016.07.16"]
[Round "9.36"]
[White "Tania, Sachdev"]
[Black "Nebolsina, Vera"]
[Result "1-0"]
[WhiteTitle "IM"]
[BlackTitle "WGM"]
[WhiteElo "2398"]
[BlackElo "2226"]
[WhiteFideId "5007844"]
[BlackFideId "4163591"]
[EventDate "2016.07.08"]

1. d4 Nf6 2. c4 c5 3. d5 b5 4. cxb5 a6 5. e3 g6 6. Nc3 Bg7 7. a4 O-O 8. e4 e6 9.
Nf3 exd5 10. exd5 Re8+ 11. Be2 axb5 12. Nxb5 Qa5+ 13. Bd2 Qb6 14. Bc3 Bb7 15.
O-O Nxd5 16. Bxg7 Kxg7 17. Bc4 Nf4 18. Qd6 Qxd6 19. Nxd6 Re4 20. Nxe4 Bxe4 21.
Rfd1 d5 22. Bb5 Na6 23. Ne1 Nb4 24. f3 Bf5 25. g3 Ne6 26. g4 Bc2 27. Nxc2 Nxc2
28. Rac1 Ncd4 29. Kf2 Nxb5 30. axb5 d4 31. Ra1 Rb8 32. Ra5 Kf6 33. Re1 Nf4 34.
Kg3 g5 35. Ra6+ Kg7 36. Re5 h6 37. h4 Ne6 38. hxg5 hxg5 39. Ra7 Kg6 40. Rf5 f6
41. Re7 Rb6 42. Rd5 c4 43. Kf2 d3 44. Ke3 Nf4 45. Rdd7 f5 46. Rg7+ Kf6 47. Rgf7+
Ke6 48. Rb7 Nd5+ 49. Kd2 Rd6 50. Rxf5 Ne3 51. Rxg5 Nf1+ 52. Kc3 Rd8 53. Rg6+ Ke5
54. Re7+ Kf4 55. Re1 Ne3 56. Rf6+ Kg3 57. Re6 Nc2 58. Rd1 Nd4 59. Re7 Nxb5+ 60.
Kxc4 Nd6+ 61. Kc3 Nb5+ 62. Kc4 Nd6+ 63. Kc5 1-0

[Event "Najdorf Mem Open A 2016"]
[Site "Warsaw POL"]
[Date "2016.07.16"]
[Round "9.37"]
[White "Paszewski, Mateusz"]
[Black "Lomasov, Semen"]
[Result "0-1"]
[BlackTitle "FM"]
[WhiteElo "2270"]
[BlackElo "2395"]
[WhiteFideId "1141058"]
[BlackFideId "24164879"]
[EventDate "2016.07.08"]

1. Nf3 Nf6 2. c4 c5 3. g3 d5 4. cxd5 Nxd5 5. Bg2 Nc6 6. Nc3 Nc7 7. O-O e5 8. a3
f6 9. e3 Qd3 10. Nh4 Be6 11. f4 O-O-O 12. Qa4 exf4 13. gxf4 g5 14. Be4 Qd7 15.
fxg5 fxg5 16. Nf5 Bg7 17. Nxg7 Qxg7 18. Bxc6 bxc6 19. Qxc6 Bc4 20. Qf6 Qd7 21.
Qf5 Bxf1 22. Qxd7+ Rxd7 23. Kxf1 Rf8+ 24. Ke2 Rf6 25. b4 Rh6 26. bxc5 Rxh2+ 27.
Kf3 Rf7+ 28. Kg3 Rff2 29. Ne4 Rfg2+ 30. Kf3 Ne6 31. Nd6+ Kd7 32. Ke4 Nxc5+ 33.
Kd5 g4 34. e4 Rh5+ 35. Nf5 Nb3 36. Rb1 Nxc1 37. Rb7+ Kc8 38. Kc6 Rxd2 39. Ne7+
Kd8 40. Ng8 Rc2+ 41. Kd6 Ra5 42. Rd7+ Kc8 43. Ne7+ Kb8 44. Nc6+ Rxc6+ 45. Kxc6
Ra6+ 46. Kd5 g3 47. Rxh7 g2 48. Rg7 Ne2 49. Rxg2 Nf4+ 0-1

[Event "Najdorf Mem Open A 2016"]
[Site "Warsaw POL"]
[Date "2016.07.16"]
[Round "9.38"]
[White "Krysztofiak, Marcin"]
[Black "Niekras, Dawid"]
[Result "1/2-1/2"]
[WhiteTitle "IM"]
[WhiteElo "2384"]
[BlackElo "2255"]
[WhiteFideId "1114751"]
[BlackFideId "1160451"]
[EventDate "2016.07.08"]

1. Nf3 c5 2. c4 Nf6 3. b3 g6 4. Bb2 Bg7 5. g3 O-O 6. Bg2 Nc6 7. O-O d5 8. cxd5
Nxd5 9. Bxg7 Kxg7 10. d4 cxd4 11. Nxd4 Nxd4 12. Qxd4+ Nf6 13. Qe5 Qd6 14. Qxd6
exd6 15. Nc3 Rd8 16. Rfd1 Ne8 17. Rd4 Kf8 18. Rc1 Rb8 19. Nb5 a6 20. Nc7 Nf6 21.
Nd5 Ne8 22. Nc7 Nf6 23. Rb4 Nd7 24. Rd1 Nc5 25. Rb6 Rd7 26. Nd5 Rd8 27. Nb4 Bf5
28. Rbxd6 Rxd6 29. Rxd6 a5 30. Nd5 Nd7 31. Nb6 Ke7 32. Nxd7 Rc8 33. Rd1 Bxd7 34.
Be4 b6 35. Kf1 Be6 36. Ke1 a4 37. bxa4 Bxa2 38. Ra1 Bb3 39. Rb1 Bxa4 40. Rxb6
Rc1+ 41. Kd2 Rc7 42. f4 Bd7 43. Bd5 Ra7 44. e4 Rc7 45. Kd3 Bg4 46. Kd4 Ra7 47.
Ke5 Bf3 48. h4 h5 49. f5 gxf5 50. Kxf5 Bg4+ 51. Kg5 Rd7 52. Rb7 Rxb7 53. Bxb7
f6+ 54. Kg6 Be2 55. Bc8 Bf3 56. Bf5 Be2 57. Kg7 Bd1 58. Kh6 Kf8 59. Bg6 Bf3 60.
Bxh5 Bxe4 61. Bg6 Bd5 62. Bc2 Kf7 63. Kh7 Bc4 64. g4 Kf8 65. Bf5 Bd5 66. h5 Kf7
67. Bg6+ Kf8 68. h6 Bg8+ 69. Kh8 Bc4 70. Kh7 Bg8+ 71. Kh8 Bc4 72. Kh7 1/2-1/2

[Event "Najdorf Mem Open A 2016"]
[Site "Warsaw POL"]
[Date "2016.07.16"]
[Round "9.39"]
[White "Kenneskog, Theodor"]
[Black "Lewtak, Damian"]
[Result "1-0"]
[WhiteTitle "FM"]
[WhiteElo "2249"]
[BlackElo "2363"]
[WhiteFideId "1715011"]
[BlackFideId "1141724"]
[EventDate "2016.07.08"]

1. e4 c5 2. Nf3 Nc6 3. d4 cxd4 4. Nxd4 Nf6 5. Nc3 d6 6. Bg5 e6 7. Qd2 a6 8.
O-O-O Bd7 9. f4 b5 10. Bxf6 gxf6 11. Nxc6 Bxc6 12. Qe1 Ra7 13. Bd3 b4 14. Ne2
Qa5 15. Kb1 Qc5 16. f5 a5 17. fxe6 fxe6 18. Nf4 Re7 19. Rf1 Bh6 20. Qh4 Bg5 21.
Qh3 Bxf4 22. Rxf4 Rf8 23. Rdf1 a4 24. e5 dxe5 25. Rc4 Qb6 26. Bxh7 f5 27. Qh6
Qb5 28. b3 Bd5 29. Bg6+ Ref7 30. Bxf7+ Rxf7 31. Qh8+ Rf8 32. Qh5+ Ke7 33. Qg5+
Kd6 34. Rd1 axb3 35. cxb3 Rb8 36. h4 Qa5 37. h5 Ra8 38. Rd2 Qd8 39. Qxd8+ Rxd8
40. Rh4 e4 41. g3 Ke5 42. Kb2 Rd7 43. h6 Rh7 44. Rdh2 Kd4 45. g4 fxg4 46. Rxg4
Kd3 47. Rg7 Rh8 48. Rg3+ Kd4 49. h7 e5 50. Rd2+ Kc5 51. Rg7 Kd6 52. Rg8 Rxh7 53.
Rd8+ Ke6 54. R2xd5 e3 55. Rd3 e2 56. Re8+ Kf6 57. Re3 Rh2 58. Kc1 1-0

[Event "Najdorf Mem Open A 2016"]
[Site "Warsaw POL"]
[Date "2016.07.16"]
[Round "9.40"]
[White "Dzierzak, Radoslaw"]
[Black "Raja, Harshit"]
[Result "0-1"]
[WhiteElo "2204"]
[BlackElo "2351"]
[WhiteFideId "1161407"]
[BlackFideId "5089000"]
[EventDate "2016.07.08"]

1. e4 c5 2. Nf3 d6 3. d4 cxd4 4. Nxd4 Nf6 5. Nc3 a6 6. g3 e5 7. Nde2 Nbd7 8. Bg2
b5 9. O-O Be7 10. a4 b4 11. Nd5 Nxd5 12. Qxd5 Rb8 13. Be3 O-O 14. c4 bxc3 15.
Nxc3 Rxb2 16. Rab1 Rxb1 17. Rxb1 Nf6 18. Qd2 h6 19. Bf1 Bg4 20. Rb6 a5 21. Bg2
Qc7 22. f3 Bd7 23. Bf1 Bc6 24. Ra6 Rb8 25. Nb5 Qd7 26. Qxa5 Bb7 27. Ra7 d5 28.
exd5 Nxd5 29. Bf2 Bb4 30. Qa6 Qe7 31. Rxb7 Qxb7 32. Na7 Qxa6 33. Bxa6 Ne7 34.
Kg2 Ba5 35. Bc5 Bb6 36. Bxe7 Bxa7 37. Bb5 f6 38. Bc4+ Kh7 39. Bd3+ Kh8 40. h4
Rb7 41. Bf8 Kg8 42. Bd6 0-1

[Event "Najdorf Mem Open A 2016"]
[Site "Warsaw POL"]
[Date "2016.07.16"]
[Round "9.41"]
[White "Martin, Julian"]
[Black "Golubov, Saveliy"]
[Result "0-1"]
[BlackTitle "IM"]
[WhiteElo "2280"]
[BlackElo "2497"]
[WhiteFideId "12941000"]
[BlackFideId "24176729"]
[EventDate "2016.07.08"]

1. e4 g6 2. d4 Bg7 3. Nf3 d6 4. Bc4 e6 5. Nc3 Ne7 6. Be3 a6 7. a4 d5 8. Bb3 h6
9. Bf4 Nbc6 10. e5 Nf5 11. g4 Nfe7 12. a5 h5 13. gxh5 Rxh5 14. Bg5 Bh6 15. Bf6
Rf5 16. Qe2 Bd7 17. h4 Kf8 18. Bg5 Bg7 19. Nd1 Nxd4 20. Nxd4 Rxe5 21. Ne3 Rxg5
22. hxg5 Bxd4 23. O-O-O Bg7 24. Ng4 Nf5 25. f4 Ng3 26. Qg2 Nxh1 27. Rxh1 c5 28.
Rh7 Qxa5 29. c3 Qa1+ 30. Kc2 c4 31. Qh3 cxb3+ 32. Kd3 Bb5+ 33. Ke3 Qe1+ 0-1

[Event "Najdorf Mem Open A 2016"]
[Site "Warsaw POL"]
[Date "2016.07.16"]
[Round "9.42"]
[White "Molenda, Marcin"]
[Black "Sieciechowicz, Marcin"]
[Result "1/2-1/2"]
[BlackTitle "IM"]
[WhiteElo "2267"]
[BlackElo "2430"]
[WhiteFideId "1173065"]
[BlackFideId "1130170"]
[EventDate "2016.07.08"]

1. d4 Nf6 2. Nf3 g6 3. c4 Bg7 4. g3 d5 5. Bg2 dxc4 6. O-O O-O 7. Na3 c3 8. bxc3
c5 9. e3 Nc6 10. Qe2 Nd5 11. Bb2 Nb6 12. Rac1 Qd5 13. Ba1 Qh5 14. Qb2 Bh3 15.
Rfd1 Bg4 16. Qe2 Rfd8 17. Nc2 e5 18. h3 Bxh3 19. dxc5 Nd7 20. Bxh3 Qxh3 21. Qb5
e4 22. Ng5 Qf5 23. Qxb7 Nxc5 24. Qxc6 Qxg5 25. Rxd8+ Rxd8 26. Nd4 h5 27. Rb1 h4
28. Qc7 hxg3 29. Qxg3 Qxg3+ 30. fxg3 Rc8 31. Kf2 Nd3+ 32. Ke2 Rc4 33. Nc2 Rc5
34. Rb8+ Kh7 35. Nb4 Nxb4 36. Rxb4 Bxc3 37. Bxc3 Rxc3 38. Ra4 Rc2+ 39. Kd1 Rg2
40. Rxa7 Kg8 41. Re7 f5 42. a4 Kf8 43. Rb7 Rxg3 1/2-1/2

[Event "Najdorf Mem Open A 2016"]
[Site "Warsaw POL"]
[Date "2016.07.16"]
[Round "9.43"]
[White "Nguyen, Piotr"]
[Black "Bartel, Marta"]
[Result "1-0"]
[WhiteTitle "IM"]
[BlackTitle "WGM"]
[WhiteElo "2430"]
[BlackElo "2260"]
[WhiteFideId "1127993"]
[BlackFideId "1123009"]
[EventDate "2016.07.08"]

1. c4 f5 2. g3 Nf6 3. Bg2 g6 4. Nc3 Bg7 5. d3 O-O 6. e4 e5 7. Nge2 d6 8. exf5
gxf5 9. O-O Nc6 10. h3 Ne7 11. f4 c6 12. Be3 Be6 13. b3 Qd7 14. Qd2 Ng6 15. Kh2
exf4 16. Nxf4 Nxf4 17. gxf4 d5 18. Ne2 dxc4 19. bxc4 Rad8 20. Rad1 Qc7 21. Qc2
b6 22. Bd2 Rf7 23. Bf3 c5 24. Bc3 Bc8 25. Be5 Qe7 26. Qb2 Nd7 27. Bxg7 Rxg7 28.
Rg1 Nf6 29. Nc3 Bb7 30. Rxg7+ Qxg7 31. Bxb7 Qxb7 32. Nd5 Nh5 33. Rg1+ Ng7 34.
Qe5 Qf7 35. Nf6+ Kh8 36. Nh5 Rg8 37. Nf6 Rf8 38. Nh5 Rg8 39. Nxg7 Rxg7 40. Qb8+
Qg8 41. Qe5 Qf7 42. Rxg7 Qxg7 43. Qb8+ Qg8 44. Qe5+ Qg7 45. Qxf5 Qb2+ 46. Kg3
Kg8 47. Qd5+ Kf8 48. Qa8+ Kf7 49. Qxa7+ Kf6 50. Qxh7 Qb1 51. Qh6+ Kf7 52. Qh5+
Kf6 53. Qe5+ Kf7 54. Qd5+ Kf6 55. Qc6+ Kf7 56. Qe4 Kf6 57. Qe5+ Kf7 58. Qf5+ Kg7
59. Qg4+ Kf6 60. Qe2 Kg6 61. Kh4 Kf7 62. Kg5 Qg1+ 63. Qg4 Qe1 64. Qf5+ Kg8 65.
Qg6+ Kf8 66. Qf6+ Kg8 67. Kh6 1-0

[Event "Najdorf Mem Open A 2016"]
[Site "Warsaw POL"]
[Date "2016.07.16"]
[Round "9.44"]
[White "Arat, Ufuk Sezen"]
[Black "Koksal, Ege"]
[Result "1-0"]
[WhiteTitle "IM"]
[BlackTitle "FM"]
[WhiteElo "2402"]
[BlackElo "2324"]
[WhiteFideId "6309089"]
[BlackFideId "6317626"]
[EventDate "2016.07.08"]

1. Nf3 Nf6 2. c4 e6 3. g3 d5 4. b3 Be7 5. Bg2 O-O 6. O-O b6 7. Bb2 Bb7 8. d3
Nbd7 9. e3 Nc5 10. b4 Ncd7 11. a3 dxc4 12. dxc4 c5 13. b5 Qc7 14. a4 Ne4 15. Qc2
Bf6 16. Nc3 Nxc3 17. Bxc3 a5 18. Rfd1 Rad8 19. Ne1 Bxg2 20. Kxg2 Bxc3 21. Qxc3
Ne5 22. Nf3 Nxf3 23. Kxf3 Qb7+ 24. Ke2 Qe4 25. h4 Qg4+ 26. Ke1 f6 27. Rd3 e5 28.
Rad1 Rde8 29. Rd7 e4 30. Kf1 Re5 31. R1d5 Qf3 32. Kg1 h5 33. Qd2 Rfe8 34. Rb7
Kh7 35. Rdd7 Rg8 36. Rxb6 Rf5 37. Rbb7 Qg4 38. Re7 Rf3 39. Rbd7 f5 40. b6 f4 41.
exf4 e3 42. Qd3+ Kh8 43. Rxe3 Rxe3 44. fxe3 Qxg3+ 45. Kf1 Qxh4 46. b7 Qg4 47.
Qd5 Re8 48. Rc7 h4 49. Rxc5 g6 50. Qe5+ Rxe5 51. b8=Q+ Kh7 52. Rc7+ 1-0

[Event "Najdorf Mem Open A 2016"]
[Site "Warsaw POL"]
[Date "2016.07.16"]
[Round "9.45"]
[White "Thorarinsson, Pall A."]
[Black "Deszczynski, Adam"]
[Result "0-1"]
[WhiteElo "2274"]
[BlackElo "2366"]
[WhiteFideId "2300923"]
[BlackFideId "1102753"]
[EventDate "2016.07.08"]

1. e4 c5 2. Nf3 e6 3. d3 Nc6 4. g3 g6 5. Bg2 Bg7 6. O-O Nge7 7. Re1 d6 8. c3 e5
9. a3 O-O 10. b4 b6 11. b5 Na5 12. c4 h6 13. Ra2 Nb7 14. Nc3 Qd7 15. Nd2 Rb8 16.
Nf1 Nd8 17. Ne3 Ne6 18. a4 f5 19. Ned5 Nxd5 20. Nxd5 f4 21. a5 Qf7 22. axb6 axb6
23. f3 h5 24. Kh1 g5 25. gxf4 Nxf4 26. Rg1 Kh8 27. Bf1 Bf6 28. Bxf4 exf4 29.
Nxf6 Qxf6 30. d4 g4 31. dxc5 dxc5 32. Rd2 Be6 33. Rd6 Rbd8 34. e5 Qe7 35. Be2 g3
36. hxg3 fxg3 37. Rxg3 Qh4+ 38. Kg2 Rg8 39. Qe1 Rxg3+ 40. Qxg3 Rg8 41. Qxg8+
Bxg8 42. e6 Qe7 43. Rxb6 Bxe6 44. Rc6 Bd7 0-1

[Event "Najdorf Mem Open A 2016"]
[Site "Warsaw POL"]
[Date "2016.07.16"]
[Round "9.46"]
[White "Stoma, Pawel"]
[Black "Winiarski, Mikolaj"]
[Result "0-1"]
[WhiteElo "2365"]
[BlackElo "2209"]
[WhiteFideId "1113569"]
[BlackFideId "1159984"]
[EventDate "2016.07.08"]

1. c4 e5 2. Nc3 Nc6 3. g3 g6 4. Bg2 Bg7 5. d3 d6 6. Nf3 f5 7. O-O h6 8. Rb1 Nf6
9. Ne1 O-O 10. b4 f4 11. e3 g5 12. b5 Ne7 13. exf4 exf4 14. Bb2 g4 15. f3 Nf5
16. Nc2 fxg3 17. fxg4 gxh2+ 18. Kxh2 Nd4 19. Ne3 Nxg4+ 20. Nxg4 Qh4+ 21. Kg1
Bxg4 22. Rxf8+ Rxf8 23. Qe1 Nf3+ 24. Bxf3 Bd4+ 0-1

[Event "Najdorf Mem Open A 2016"]
[Site "Warsaw POL"]
[Date "2016.07.16"]
[Round "9.47"]
[White "Skawinski, Arkadiusz"]
[Black "Kumala, Aleksander"]
[Result "1/2-1/2"]
[WhiteTitle "FM"]
[WhiteElo "2355"]
[BlackElo "2207"]
[WhiteFideId "1126415"]
[BlackFideId "1141880"]
[EventDate "2016.07.08"]

1. e4 e5 2. Nf3 Nc6 3. Bb5 f5 4. d4 fxe4 5. Nxe5 Nxe5 6. dxe5 c6 7. Nc3 cxb5 8.
Nxe4 d5 9. exd6 Nf6 10. Bg5 Qa5+ 11. Bd2 Qd8 12. Bg5 Qa5+ 13. Bd2 Qd8 14. Bg5 1/2-1/2

[Event "Najdorf Mem Open A 2016"]
[Site "Warsaw POL"]
[Date "2016.07.16"]
[Round "9.48"]
[White "Zochowski, Kacper"]
[Black "Przedmojski, Rafal"]
[Result "1/2-1/2"]
[WhiteElo "2248"]
[BlackElo "2337"]
[WhiteFideId "1125494"]
[BlackFideId "1102451"]
[EventDate "2016.07.08"]

1. e4 c5 2. Nf3 Nc6 3. d4 cxd4 4. Nxd4 e5 5. Nb5 d6 6. c4 Be7 7. N1c3 a6 8. Na3
Be6 9. Be2 Nd4 10. Nc2 Nxe2 11. Qxe2 Rc8 12. Ne3 Nf6 13. O-O Qc7 14. b3 b5 15.
Ncd5 Nxd5 16. cxd5 Bd7 17. Bb2 O-O 18. Rac1 Qa5 19. a3 g6 20. Kh1 Rxc1 21. Rxc1
Rc8 22. Rxc8+ Bxc8 23. h3 Bd7 24. Kh2 Bd8 25. g3 Qc7 26. Qc2 Qxc2 27. Nxc2 a5
28. Bc1 f5 29. f3 Kf7 30. Kg2 h5 31. b4 a4 32. h4 fxe4 33. fxe4 g5 34. Bxg5 Bxg5
35. hxg5 Kg6 36. Ne1 Bg4 37. Nd3 Kxg5 38. Nf2 h4 39. Nh3+ Kh5 40. Nf2 Be2 41.
Nh3 1/2-1/2

[Event "Najdorf Mem Open A 2016"]
[Site "Warsaw POL"]
[Date "2016.07.16"]
[Round "9.50"]
[White "Lindgren, Philip"]
[Black "Szostko, Jakub"]
[Result "1/2-1/2"]
[WhiteTitle "IM"]
[BlackTitle "FM"]
[WhiteElo "2411"]
[BlackElo "2246"]
[WhiteFideId "1713230"]
[BlackFideId "1174282"]
[EventDate "2016.07.08"]

1. d4 Nf6 2. c4 g6 3. Nf3 Bg7 4. Nc3 O-O 5. e4 d6 6. Be2 e5 7. O-O Nc6 8. d5 Ne7
9. b4 a5 10. Ba3 axb4 11. Bxb4 Re8 12. c5 dxc5 13. Bxc5 c6 14. Rb1 cxd5 15. Bb5 1/2-1/2

[Event "Najdorf Mem Open A 2016"]
[Site "Warsaw POL"]
[Date "2016.07.16"]
[Round "9.51"]
[White "Andre, Gordon"]
[Black "Klenburg, Michael"]
[Result "1/2-1/2"]
[BlackTitle "IM"]
[WhiteElo "2254"]
[BlackElo "2370"]
[WhiteFideId "4655354"]
[BlackFideId "14102072"]
[EventDate "2016.07.08"]

1. d4 d6 2. e4 Nf6 3. f3 e5 4. dxe5 dxe5 5. Qxd8+ Kxd8 6. Bc4 Ke8 7. a4 Bd6 8.
Be3 Nbd7 9. c3 Ke7 10. a5 Bc5 11. Kf2 Ne8 12. Nd2 Nd6 13. Ba2 c6 14. Ne2 b6 15.
Bxc5 bxc5 16. Nc4 Nxc4 17. Bxc4 Rb8 18. Rab1 Nf8 19. Nc1 Be6 20. Bxe6 Nxe6 21.
Nd3 f6 22. b4 Rb5 23. c4 Rb7 24. a6 Rd7 25. Nxc5 Rd2+ 26. Ke1 Rxg2 27. Nxe6 Kxe6
28. Kf1 Ra2 29. Rg1 g6 30. Rg2 Rxa6 31. Rd2 Rc8 32. c5 Ra3 33. Ke2 Rc7 34. h4
Ke7 35. Rd6 Ra2+ 36. Ke3 h5 37. Rg1 Kf7 38. Rgd1 Ke7 39. Rg1 Kf7 40. Rgd1 1/2-1/2

[Event "Najdorf Mem Open A 2016"]
[Site "Warsaw POL"]
[Date "2016.07.16"]
[Round "9.52"]
[White "Heinemann, Josefine"]
[Black "Schroeder, Kevin"]
[Result "1-0"]
[WhiteTitle "WIM"]
[BlackTitle "FM"]
[WhiteElo "2216"]
[BlackElo "2350"]
[WhiteFideId "12900460"]
[BlackFideId "12929840"]
[EventDate "2016.07.08"]

1. e4 c6 2. d4 d5 3. Nd2 dxe4 4. Nxe4 Bf5 5. Ng3 e6 6. Nxf5 exf5 7. Nf3 g6 8.
Bc4 Qe7+ 9. Qe2 Nd7 10. Bd2 Ngf6 11. Ng5 Nd5 12. O-O-O Qxe2 13. Bxe2 Bg7 14. c3
O-O 15. Rhe1 Rfe8 16. Bc4 N7f6 17. f3 b5 18. Bb3 a5 19. a4 b4 20. c4 Nb6 21. Nh3
Nfd7 22. Be3 c5 23. dxc5 Rxe3 24. Rxe3 Nxc5 25. Kc2 Rc8 26. Re2 Ncxa4 27. Bxa4
Nxa4 28. Rde1 Rxc4+ 29. Kb3 Nb6 30. Re8+ Bf8 31. Rb8 a4+ 32. Ka2 b3+ 33. Kb1 Nd7
34. Rd8 Nf6 35. Rc1 Rxc1+ 36. Kxc1 Kg7 37. Ra8 Nd5 38. Rxa4 Ne3 39. g3 Nf1 40.
Kd1 Nxh2 41. Ke2 Be7 42. Ra7 Bf6 43. Rb7 Bxb2 44. Kf2 Bf6 45. Kg2 Nxf3 46. Kxf3
b2 47. Nf4 h5 48. Nd3 h4 49. gxh4 Bxh4 50. Rxb2 Bf6 51. Rb5 Bc3 52. Rc5 Ba1 53.
Kf4 Bd4 54. Rd5 Bg1 55. Kg3 f6 56. Rd7+ Kh6 57. Rd6 Kg5 58. Nf4 Ba7 59. Nh3+ Kh6
60. Rxf6 1-0